| 000 | 00477nam a2200181Ia 4500 | ||
|---|---|---|---|
| 003 | GCL | ||
| 008 | 140319s9999 xx 000 0 eng d | ||
| 040 |
_aGCL / _cGCL |
||
| 082 | 0 | 4 |
_a171.5 _bB M |
| 100 | 1 | _aBRANDT, RICHARD B. | |
| 245 | 1 | 0 |
_aMORALITY, UTILITARIANISM,AND RIGHTS / _cBRANDT, RICHARD B. |
| 260 |
_a[S.N] : _bCAMBRIBGE UNIVERSITY PRESS ، _c1992 |
||
| 300 | _a393 P | ||
| 650 | 0 | 4 | _aETHICS |
| 650 | 0 | 4 | _aSOCIAL ETHICS |
| 650 | 0 | 4 | _aUTILITIES |
| 942 |
_2ddc _cBK |
||
| 999 |
_c20802 _d20802 |
||